000 00791nmc a2200313 a 4500
003 AR-BaBNM
005 20251128203358.0
008 127019s[s.f ||||||||||||||000 | spa||
040 _cAR-BaBNM
100 1 _aGorki, Máximo
245 1 0 _aLa madre
260 _aMoscú
_bProgreso
_c[s.f.]
300 0 _a423 p.
_bil.
490 0 _aOctubre
585 _aExpuesto en: Feria del Libro 2006
650 4 _aLITERATURA RUSA
650 4 _aBURGUESIA
653 0 _aNARRATIVA
653 0 _aNOVELA REALISTA
653 0 _aREALISMO SOCIALISTA
653 0 _aCRITICA SOCIAL
655 _aLITERATURA
700 1 _aHerráiz, A.
_etraductor
700 1 _aVento, J.
_etraductor
700 0 _aKukrynisky
_eilustrador
700 1 _aBialik, Boris
_eprologuista
942 _cBK
998 _cMARTIN
999 _c3112
_d3112